| 000 | 00910nam a22002057a 4500 | ||
|---|---|---|---|
| 999 |
_c59254 _d59254 |
||
| 003 | Ge_BSU | ||
| 005 | 20221223170444.0 | ||
| 008 | 221223s1979ge xxu||||| |||| 00| 0 geo d | ||
| 041 | _ageo | ||
| 080 | _a617(479.22)(092) ხ-71 | ||
| 100 |
_aხომერიკი, გ., ავტ. _916563 |
||
| 245 |
_aაკადემიკოსი მამია კომახიძე / _c გ.ხომერიკი, რედ. ვ. კობიაშვილი. |
||
| 264 |
_aთბილისი : _bგანათლება, _c1979. |
||
| 300 |
_a183 გვ. : _bილ. ფ. პორტრ. ; _c20 სმ. |
||
| 440 |
_aადამიანი - ჩირაღდანი _916564 |
||
| 653 | _aქართველი ქირურგები. | ||
| 653 | _aმედიცინა | ||
| 700 |
_aკობიაშვილი, ვ _eრედაქტორი _92844 |
||
| 942 |
_2udc _cBK |
||